Wake Me Up When September Ends - Green Day Paroles - Statistiques

Statistiques générales
  • Ce quiz a été pris 24 fois
  • Le résultat moyen est 143 sur 181
Statistiques - réponses
Paroles % Correct
ends
100%
me
100%
September
100%
up
100%
Wake
100%
when
100%
again
93%
The
93%
the
93%
come
86%
Falling
86%
from
86%
I
86%
Summer
86%
are
79%
has
79%
in
79%
last
79%
never
79%
stars
79%
and
71%
Becoming
71%
can
71%
my
71%
pain
71%
rain
71%
to
71%
we
71%
comes
64%
Here
64%
innocent
64%
memory
64%
pass
64%
who
64%
As
57%
But
57%
Drenched
57%
so
57%
what
57%
years
57%
fast
50%
gone
50%
Like
50%
lost
50%
passed
50%
Seven
50%
Twenty
50%
began
43%
forgets
43%
rests
43%
spring
43%
did
36%
father's
36%
bells
29%
out
29%
Ring
21%
Aucun quiz correspondant
Distribution des résultats
% des personnes avec chaque résultat
Percentile par nombre de réponses
Votre historique - résultats
Vous n’avez pas pris ce quiz